000 00316nam a22001337a 4500
008 171019b xxu||||| |||| 00| 0 eng d
020 _a0314028226
041 _aeng
080 _a338
100 _a53
101 _aMEN
245 _aCONTEMPORARY PORTFOLIO THEORY AND RISK MANAGEMENT
_cTUCKER,A.L
942 _2udc
_cBK
999 _c34835
_d34835